Informácie - hľadaný tovar

Ing. Ivan Murín, riaditeľ EDB-Dataservis Slovakia, s.r.o. Bratislava, generálneho zastúpenia Európskej Databanky pre SR, o špecifickom druhu obchodnej činnosti. Nové cesty uchovávania údajov. Systematická aktualizácia a rozširovanie informačného záberu. Distribúcia informácií za bežnú telefónnu sadz...

Ausführliche Beschreibung

Gespeichert in:
Bibliographische Detailangaben
1. Verfasser: Murín, I.
Weitere Verfasser: Kuček, M., Herzogová, Emília
Format: Buchkapitel
Sprache:Slowakisch
Schlagworte:
Tags: Tag hinzufügen
Keine Tags, Fügen Sie das erste Tag hinzu!

MARC

LEADER 00000naa a2200000 4500
001 r017268
005 20221213095725.6
041 0 |a slo 
044 |a SK 
245 1 0 |a Informácie - hľadaný tovar  |c I. Murín, Emília Herzogová, M. Kuček 
520 |a Ing. Ivan Murín, riaditeľ EDB-Dataservis Slovakia, s.r.o. Bratislava, generálneho zastúpenia Európskej Databanky pre SR, o špecifickom druhu obchodnej činnosti. Nové cesty uchovávania údajov. Systematická aktualizácia a rozširovanie informačného záberu. Distribúcia informácií za bežnú telefónnu sadzbu. Štyri cenové pásma členského pre vstup do databázy EDB pre podnikateľské subjekty. 
610 2 0 |a Slovensko 
610 2 0 |a Európa 
610 2 0 |a 1991-1995 
610 2 0 |a Dataservis Slovakia, s.r.o. Bratislava 
610 2 0 |a informácie 
610 2 0 |a Európska Databanka 
610 2 0 |a banky dát 
610 2 0 |a podnikatelia 
610 2 0 |a rešerše 
100 1 |a Murín, I. 
700 1 |a Kuček, M. 
700 1 |a Herzogová, Emília